00666nam a22001697a 4500003000900000008004100009040007100050082001500121100001900136245003300155260011200188300002800300440004900328505008900377650001300466700001700479AR-CdUCM190320b ||||| |||| 00| 0 spa d aMUNICIPALIDAD PROVINCIAL DEL CUSCOcBIBLIOTECA MUNICIPAL DEL CUSCO a530 /bP38 aPeierls, R. E. aLas leyes de la naturaleza / aMéxico, D. F :bUniversidad nacional autónoma de México, Dirección general de publicaciones,c1958. a384 páginas ;c22 cm. aProblemas científicos y filosóficos.n13 aMovimiento y fuerza -- Electricidad y magnetismo -- luz -- átomos y electrones ... aFísica aLearn, Daisy